Modern Design in the Metropolitan Museum of Art (1890-1990) /

Salvato in:
Dettagli Bibliografici
Autori principali: Darley, Mark (Autore), Miller, R.Craig (Autore)
Natura: Libro
Lingua:inglese
Pubblicazione: New York : The Metropolitan Museum of Art, 1990
Tags: Aggiungi Tag
Nessun Tag, puoi essere il primo ad aggiungerne!!

MARC

LEADER 00000nam a22000003a 4500
001 stu27310
005 20150617225740.8
008 940201s1990----xxu-----------------eng-d
020 |a 0-8109-3612-7 
040 |a STU  |b slo 
041 0 |a eng 
044 |a xxu 
080 |a 745  |7 stu_us_auth*stu3772 
100 1 |a Darley, Mark  |4 aut 
245 1 |a Modern Design in the Metropolitan Museum of Art (1890-1990) /  |c [aut]Miller,R.Craig;Darley,Mark 
260 |a New York :  |b The Metropolitan Museum of Art,  |c 1990 
300 |a 13,312 s 
700 1 |a Miller, R.Craig  |4 aut 
996 |b 284V028376  |c V*42229/O-18010  |l VVT  |s A  |a 24  |w stu27310_0001